000 00263nam a2200109Ia 4500
008 190914s9999||||xx |||||||||||||| ||und||
100 _aUmar Latif
245 0 _aPrinciples of Islamic Economics
260 _aKarachi
_bEconomic
_c2003
300 _a370
942 _cBK
999 _c9987
_d9987